| 000 | 00652nam a22001937a 4500 | ||
|---|---|---|---|
| 999 |
_c63854 _d63854 |
||
| 005 | 20260206162419.0 | ||
| 008 | 260206s2017 enk||||| |||| 00| 0 eng d | ||
| 020 | _a9788131248850x | ||
| 041 | _aeng | ||
| 080 | _a577.1 S-24 | ||
| 100 |
_aSatyanarayana, U. _913695 |
||
| 245 |
_aBiochemistry : _b(with Biomedical Concepts, Clinical Correlates and Case Studies) / _cU. Satyanarayana, U. Chakrapani. |
||
| 264 |
_aNew Delhi : _b Elsevier, _c2017. |
||
| 300 |
_a778 p.: _bill.; _c29 cm. |
||
| 653 | _aბიოქიმია | ||
| 653 | _aმედიცინა | ||
| 700 |
_aChakrapani, U. _eავტორი _926812 |
||
| 942 |
_2udc _cᲬᲘᲒᲜᲘ |
||